000 00704cam a22002293a 4500
001 7926
003 PGUSA
005 20140828083150.0
008 060427s2006||||xxu|||||s|||||000 1 eng d
040 _aPGUSA
_beng
042 _adc
050 4 _aPR
100 1 _aDisraeli, Benjamin, Earl of Beaconsfield,
_d1804-1881
245 1 0 _aEndymion
_h[electronic resource] /
_cBenjamin, Earl of Beaconsfield Disraeli
260 _bProject Gutenberg,
_c2006
506 _aPublic domain in the USA.
516 _aElectronic text
653 _aEngland -- Social life and customs -- 19th century -- Fiction
830 0 _aProject Gutenberg
_v7926
856 4 0 _uhttp://www.gutenberg.org/ebooks/7926
942 _cEB
999 _c237226
_d237226